000 00296nam a22001337a 4500
003 SGT
082 _a370
_bE16H
100 _aHARICHANDAN, S.
245 _aENVIRONMENTAL EDUCATION IN 12ST CENTURY
260 _aNEW DELHI
_bAPH PUB
_c2016
300 _a193
650 _aEDUCATION
942 _2ddc
_cBK
999 _c12332
_d12332